| 000 | 00363nam a22001577a 4500 | ||
|---|---|---|---|
| 003 | OSt | ||
| 005 | 20160727222338.0 | ||
| 008 | 160617b xxu||||| |||| 00| 0 eng d | ||
| 040 | _cTEST | ||
| 100 |
_914 _aBears, V.G |
||
| 245 | _aFriends Are Helpers | ||
| 260 |
_aMichigan _bEdu.Pub _c1991 |
||
| 300 | _aFriends Are Helpers | ||
| 521 | _bDr. Dennisa | ||
| 942 |
_2ddc _cBK |
||
| 999 |
_c14 _d14 |
||